000 00635nam a2200229Ia 4500
003 OSt
005 20221005045257.0
006 a|||||r|||| 00| 0
007 ta
008 221004b |||||||| |||| 00| 0 mal d
024 _a56448
037 _cTextual
040 _aCRL
_cCRL
_bmal
041 _2mal
_amal
082 _aO32,3N223,13, K2
100 _aVaduthala T K C Au.
_9593369
245 0 _aAvante prathikaram
260 _aKerala
_bNational book stall India
_c1962
650 _aMALAYALAM FICTION
_9183428
942 _hO32,3N223,13, K2
_cTEXL
_2cc
999 _c954751
_d954751